000 00926nam a22002657a 4500
003 DO-SdBNP
005 20180402081904.0
008 150817s 1990 dr a spa d
040 _aBPMSU
_bspa
_cBPMSU
082 _axxx
_bxxx
100 1 _aHolguín Veras Tabar, Oscar
245 1 0 _aGrum Grum el centolla /
_cOscar Holguín Veras Tabar ; ilustración Amaury Villalba
260 _aSanto Domingo :
_bAlfa & Omega,
_c1990.
300 _a74 p :
_bil.
_c29 cm.
650 4 _aEDUCACIÓN CÍVICA
_xENSEÑANZA SECUNDARIA
650 4 _aEDUCACIÓN SECUNDARIA
_zREPÚBLICA DOMINICANA
650 4 _aEDUCACIÓN ÍVICA
_xLIBROS DE TEXTOS
650 4 _aCÍVICA
_xESTUDIOS Y EJERCICIOS
650 4 _aEDUCACIÓN CÍVICA
_xEDUCACIÓN SECUNDARIA
700 1 _aVillalba, Amaury
_eil.
910 _aValidado. Control de calidad MFF
942 _2ddc
_cBK
945 _aInventariado / 2017 YL
956 _aYLOCKWARD
_b10
_c20171129
_d00144
999 _c13202
_d13202